Statistics for Princess Diana Quiz

Click here to take the quiz!

General Stats

  • This quiz has been taken 178 times
  • The average score is 9 of 15

Answer Stats

QuestionAnswer% Correct
In which city did the infamous car accident take place?Paris
97%
What was Diana's full maiden name?Diana Frances Spencer
94%
What song did Elton John sing at Diana's funeral?Candle in the Wind
88%
What was Diana's occupation prior to marrying Prince CharlesKindergarten teacher
88%
Who dated Prince Charles before her?Diana's older sister
86%
Where did Diana give birth to William?Hospital
80%
Where was Princess Diana buried to rest?an island on her parent's estate
65%
What was Diana's nickname for William?Wombat
59%
Who designed Princess Diana's wedding dress?David Emanuel
58%
At what age did Princess Diana first meet Prince Charles?16
50%
How many people watched Diana and Charles's wedding on the telly?750 Million
37%
What was Diana's favourite musical band?ABBA
35%
How did Diana record her thoughts during her marriage?Tape
31%
How many times had Diana and Charles met before they were married?13
22%
How many siblings does Diana have? (including herself)5
11%

Score Distribution

Percentile by Number Answered

Percent of People with Each Score

Your Score History

You have not taken this quiz